000 00356nam a2200133Ia 4500
008 220216s9999 xx 000 0 und d
100 _aSatchuthananthavale R
245 0 _aHevea tissue culture
260 _bRubber Research Institute of Sri Lanka Quarterly Journal
_c1973
300 _a91-97
650 _aHevea
650 _aTissue culture
942 _cJS
999 _c60344
_d60344